000 00200 a2200097 4500
001 2830
100 _aGray
245 _aPoetry and prose with essay
260 _a
_bClarendon
_c
090 _c2125
_d2125
942 _aNUST-CAE
_cM
_c12503
999 _c237903
_d237903